000 00492nam a22001817a 4500
005 20230821102643.0
008 230817b |||||||| |||| 00| 0 eng d
020 _a978-0-323-39370-6
041 _aeng
082 _a616.7 GIA-C
100 _aGIANGARRA, CHARLES AND MANSKE, ROBERT. C
_98078
245 _aCLINICAL ORTHOPAEDIC REHABILITATION: A team approach
250 _a4th ED., 2018
260 _aPHILADELPHIA
_bELSEVIER
_c2018
300 _a618;p
650 _aBPT
_98079
942 _cBK
999 _c8374
_d8372